[Event "Costa Brava op 29th"]
[Site "Costa Brava"]
[Date "2016.11.19"]
[Round "7"]
[White "Ventura Prim, Jaume"]
[Black "Vidal Masferrer, Maria"]
[Result "1-0"]
[WhiteElo "1889"]
[BlackElo "1497"]
[PlyCount "55"]
[EventDate "2016.09.24"]
[EventType "swiss"]
[EventRounds "9"]
[EventCountry "ESP"]
[SourceTitle "EXT 2018"]
[Source "ChessBase"]
[SourceDate "2017.10.13"]
[SourceVersion "1"]
[SourceVersionDate "2017.10.13"]
[SourceQuality "1"]

1. d4 d5 2. Nf3 Nf6 3. Nc3 Nc6 4. Bf4 a6 5. e3 Bf5 6. a3 e6 7. Bd3 Ne4 8. 0-0 Bd6 9. Bxe4 dxe4 10. Ng5 0-0 11. Bxd6 Qxg5 12. Bxc7 Bh3 13. Bg3 Bf5 14. Bf4 Qg6 15. Ne2 Rfd8 16. c3 Rac8 17. f3 Ne7 18. Qb3 exf3 19. Rxf3 Be4 20. Rg3 Qh5 21. Re1 Qd5 22. Qxd5 Bxd5 23. Bg5 f6 24. Bxf6 Nf5 25. Bxd8 Nxg3 26. Nxg3 Rxd8 27. e4 Bc4 28. Kf2 1-0